000
00213nam a2200097Ia 4500
008
220204s9999 xx 000 0 und d
082
_a
82-3
_b
LES
100
_a
Lessing, Doris
245
0
_a
Martha quest
942
_c
BK
999
_c
32251
_d
32251